| 000 | 00586nam a22001817a 4500 | ||
|---|---|---|---|
| 999 |
_c190482 _d190482 |
||
| 005 | 20220726152047.0 | ||
| 010 | _aENG-133967 | ||
| 020 |
_a9789382524618 _c230.00 |
||
| 035 | _aEN-117499 | ||
| 037 | _bDBAD/PUB | ||
| 082 | _a100 | ||
| 100 | _aNaithani, Aryan | ||
| 245 |
_aA Strange Viewpoint: _bPhilosophy of a Teenager/ _cAryan Naithani |
||
| 260 |
_aNew Delhi _bThe Book Line _c2017 |
||
| 270 |
_bNew DElhi _a106, 4787/23, 1st Floor, Ansari Road, Darya Ganj _e110002 _msales@thebooklineonline.com |
||
| 300 |
_axiii;65p. _c17cm(pbk) |
||
| 942 |
_2ddc _cEN _h100 _mNAI |
||